000 01129cam a2200301 a 4500
001 638301
003 OSt
005 20170308093738.0
008 930820s1993 nyu b 001 0 eng
010 _a 93090068
020 _a0345375491 :
_c$4.99 ($5.99 Can.)
040 _aDLC
_cDLC
_dDLC
050 0 0 _aRC523
_b.C7 1993
082 0 0 _a362.1/96831
_220
100 1 _aCoughlan, Patricia Brown.
245 1 0 _aFacing Alzheimer's :
_bfamily caregivers speak /
_cPatricia Brown Coughlan.
250 _a1st ed.
260 _aNew York :
_bBallantine Books,
_cc1993.
300 _ax, 261 p. ;
_c18 cm.
504 _aIncludes bibliographical references (p. 249-254) and index.
650 0 _aAlzheimer's disease
_xPatients
_xFamily relationships.
650 0 _aAlzheimer's disease
_xPatients
_xHome care.
650 0 _aCaregivers
_xFamily relationships.
856 4 2 _3Publisher description
_uhttp://www.loc.gov/catdir/description/random043/93090068.html
906 _a7
_bcbu
_corignew
_d3
_eopcn
_f19
_gy-gencatlg
942 _2lcc
_cBK
999 _c256150
_d256149